000 00469nam a2200157Ia 4500
008 260520s2025 xx 000 0 und d
041 _amar
082 _a891.461/TUK
100 _aतुकडोजी महाराज
245 _aग्रामगीता
250 _a1st ed
260 _aअमरावती
_bश्री गुरुदेव प्रकाशन
_c2025
300 _a463p.
500 _aCat No: 15262
650 _aMARATHI POETRY
999 _c1222262
_d1222262